1913 1700 1102 1853 1509 1037 1372 1157 1166 1555 1665 1211 1234 1242 1032 1843 1323 1915 1266 1008 1257 1470 1342 1798 1183 1868 1044 1729 1892 1170 1378 1870 1555 1126 1552 1598 1181 1439 1695 1032 1589 1727 1979 1913 1425 1794 1095 1505 1448 1473 1767 1810 1138 1471 1485 1711 1403 1707 1892 1251 1703 1120 1709 1450 1257 1157 1994 1972 1216 1965 1946 1775 1111 1730 1101 1321 1025 1603 1067 1891 1976 1349 1015 1100 1763 1934 1740 1056 1190 1856 1766 1096 1618 1526 1753 1009 1465 1698 1679 BCNSPRNW ULIB Ver.6.0+V

เปลี่ยนเป็นภาษาไทย

Change to English
 แสดงรายละเอียดบรรณานุกรม
  กลับหน้าหลัก

Brief Record : Get Marc (ISO 2709) : E-mail record : QR code < ปิดหน้าต่าง
LEADER : 00000nam 2200000uu 4500
001    13399112119
003     ULIB
008    110708s2551||||th 000 0 tha d
020    9740691730
050 04 HD58^bจ746ก 2551
100 0  เจริญวิชญ์ สมพงษ์ธรรม
245 10 การบริหารและประเมินโครงการ = Project management and evaluation/^cเจริญวิชญ์ สมพงษ์ธรรม
250    พิมพ์ครั้งที่ 2
260    กรุงเทพฯ :^bบริษัทธรรมรักษ์การพิมพ์,^c2551
300    319 หน้า :^bภาพประกอบ
650  7 การบริหารงานบุคคล
945    ^p220^l0^i024100
945    ^p220^l0^i024285
945    ^p220^l0^i024620
995    ทศพร
999 ^a ใช้งานได้ทุกระบบ
รายการนี้ยังไม่มีแท็ก
คุณยังไม่ได้ล็อกอิน คุณสามารถมีกิจกรรมร่วมกับเว็บไซต์ได้ แต่ต้องล็อกอินก่อน ::
  ล็อกอิน

รายการสื่อสารสนเทศ

ลำดับที่ ประเภท เลขเรียก/บาร์โค้ด สถานที่ สถานะ
1. การศึกษาทั่วไป
การศึกษาทั่วไป
HD58 จ746ก 2551 ฉ.2 
  Barcode: 024285
ห้องสมุดวิทยาเขตนครสวรรค์
►หนังสือทั่วไป:l:General Books
บนชั้น
2. การศึกษาทั่วไป
การศึกษาทั่วไป
HD58 จ746ก 2551 ฉ.3 
  Barcode: 024620
ห้องสมุดวิทยาเขตนครสวรรค์
►หนังสือทั่วไป:l:General Books
บนชั้น

รายการใกล้เคียง
    หัวเรื่อง [การบริหารงานบุคคล]

BibComment


ยังไม่เคยถูกคอมเมนท์

คอมเมนท์ทรัพยากรรายการนี้
  คอมเมนท์: การบริหารและประเม..


 Copyright 2026. Bcnsprnw @Library